<?xml version="1.0" encoding="UTF-8"?>
<record
    xmlns:xsi="http://www.w3.org/2001/XMLSchema-instance"
    xsi:schemaLocation="http://www.loc.gov/MARC21/slim http://www.loc.gov/standards/marcxml/schema/MARC21slim.xsd"
    xmlns="http://www.loc.gov/MARC21/slim">

  <leader>00483nam a2200193Ia 4500</leader>
  <controlfield tag="003">GCL</controlfield>
  <controlfield tag="005">20240530110923.0</controlfield>
  <controlfield tag="008">140319s1969    fr f          000 0 eng d</controlfield>
  <datafield tag="040" ind1=" " ind2=" ">
    <subfield code="a">GCL / </subfield>
    <subfield code="c">GCL</subfield>
  </datafield>
  <datafield tag="082" ind1="0" ind2="4">
    <subfield code="a">759/</subfield>
    <subfield code="b">V T</subfield>
  </datafield>
  <datafield tag="100" ind1="1" ind2=" ">
    <subfield code="a">Vaisse, Pierre</subfield>
  </datafield>
  <datafield tag="245" ind1="1" ind2="3">
    <subfield code="a">DURER</subfield>
    <subfield code="c">Pierre Vaisse</subfield>
  </datafield>
  <datafield tag="260" ind1=" " ind2=" ">
    <subfield code="a">France : </subfield>
    <subfield code="b">Flammarion&#x60C; </subfield>
    <subfield code="c">1969.</subfield>
  </datafield>
  <datafield tag="300" ind1=" " ind2=" ">
    <subfield code="a">120 P:</subfield>
    <subfield code="b">ill ;</subfield>
    <subfield code="c">30 cm.</subfield>
  </datafield>
  <datafield tag="650" ind1="0" ind2="4">
    <subfield code="a">PAINTING</subfield>
  </datafield>
  <datafield tag="650" ind1="0" ind2="4">
    <subfield code="a"> PAINTING </subfield>
    <subfield code="x">HISTORY</subfield>
  </datafield>
  <datafield tag="650" ind1="0" ind2="4">
    <subfield code="a">PAINTING </subfield>
    <subfield code="x">TECHNIQUE</subfield>
  </datafield>
  <datafield tag="942" ind1=" " ind2=" ">
    <subfield code="2">ddc</subfield>
    <subfield code="c">BK</subfield>
  </datafield>
  <datafield tag="999" ind1=" " ind2=" ">
    <subfield code="c">66522</subfield>
    <subfield code="d">66522</subfield>
  </datafield>
  <datafield tag="952" ind1=" " ind2=" ">
    <subfield code="0">0</subfield>
    <subfield code="1">0</subfield>
    <subfield code="2">ddc</subfield>
    <subfield code="4">0</subfield>
    <subfield code="7">0</subfield>
    <subfield code="a">CAI</subfield>
    <subfield code="b">CAI</subfield>
    <subfield code="c">&#x627;&#x644;&#x641;&#x646;&#x648;&#x646;-&#x627;&#x646;&#x62C;&#x644;&#x64A;&#x632;&#x649;</subfield>
    <subfield code="d">2022-06-15</subfield>
    <subfield code="l">0</subfield>
    <subfield code="o">759/ V T</subfield>
    <subfield code="p">168090</subfield>
    <subfield code="r">2022-06-15 00:00:00</subfield>
    <subfield code="w">2022-06-15</subfield>
    <subfield code="y">BK</subfield>
  </datafield>
</record>
